000 00299nam a22001337a 4500
008 170830b xxu||||| |||| 00| 0 eng d
020 _a1461670x9012007000483010
041 _aeng
080 _a070
100 _a40
101 _aMED
245 _aJOURNALISM STUDIES
_cFRANKLIN,B
942 _2udc
_cBK
999 _c25667
_d25667